[Event "VIII Festival Ducale A"]
[Site "Genova ITA"]
[Date "2000.07.15"]
[Round "1"]
[White "Bertino, Andrea"]
[Black "Di Paolo, Raffaele"]
[Result "0-1"]
[WhiteElo "1765"]
[BlackElo "2295"]
[PlyCount "40"]
[EventDate "2000.07.15"]

1. e4 Nc6 2. Nf3 d6 3. d4 Nf6 4. Nc3 Bg4 5. Be2 e6 6. Be3 Be7 7. Qd2 d5 8. exd5
exd5 9. Rd1 O-O 10. O-O Bb4 11. Qd3 Re8 12. Nb1 Qd7 13. Qb3 a5 14. a4 Ne4 15.
c3 Bd6 16. Nbd2 Ne7 17. c4 Ng6 18. cxd5 Nxd2 19. Rxd2 Qf5 20. Ne1 Qh5 0-1

[Event "VIII Festival Ducale A"]
[Site "Genova ITA"]
[Date "2000.07.15"]
[Round "1"]
[White "Capurro, Giuliano"]
[Black "Chatalbashev, Boris"]
[Result "0-1"]
[WhiteElo "2022"]
[BlackElo "2494"]
[PlyCount "92"]
[EventDate "2000.07.15"]

1. e4 g6 2. d4 Bg7 3. Nf3 c5 4. c3 cxd4 5. Nxd4 Nc6 6. Nxc6 bxc6 7. Bc4 Nf6 8.
e5 Nd5 9. O-O Nb6 10. Bb3 Bxe5 11. Bh6 e6 12. f4 Bf6 13. Nd2 d5 14. Nf3 Ba6 15.
Re1 Nc4 16. Bxc4 Bxc4 17. b3 Ba6 18. Qd2 Qc7 19. Ne5 Be7 20. Qe3 Qb6 21. Qxb6
axb6 22. Nxc6 Bc5+ 23. Nd4 Bd3 24. Bg7 Rg8 25. Bf6 Be4 26. b4 Be7 27. Bxe7 Kxe7
28. a4 g5 29. fxg5 Rxg5 30. Re2 e5 31. Nb3 Rag8 32. g3 h5 33. a5 h4 34. axb6
hxg3 35. Ra7+ Kf6 36. h4 Rh5 37. Nc5 Bf3 38. Nd7+ Kg7 39. Rxe5 Rxh4 40. Rg5+
Kh6 41. Rxg3 Rxg3+ 42. Kf2 Rhh3 43. b7 d4 44. cxd4 Rg2+ 45. Ke3 Bxb7+ 46. Kf4
Bc8 0-1

[Event "VIII Festival Ducale A"]
[Site "Genova ITA"]
[Date "2000.07.15"]
[Round "1"]
[White "Grigore, George-Gabriel"]
[Black "De Angelis, Fernando"]
[Result "1-0"]
[WhiteElo "2508"]
[BlackElo "2056"]
[PlyCount "63"]
[EventDate "2000.07.15"]

1. d4 Nf6 2. c4 c5 3. d5 e6 4. Nc3 exd5 5. cxd5 d6 6. e4 g6 7. Bd3 Bg7 8. h3
O-O 9. Bg5 Qa5 10. Qd2 Re8 11. Nge2 Nbd7 12. Ng3 a6 13. O-O b5 14. a3 Ne5 15.
Be2 Nfd7 16. f4 Nc4 17. Bxc4 bxc4 18. e5 dxe5 19. f5 f6 20. Bh6 Bb7 21. Rae1
Rad8 22. Re4 Re7 23. Rg4 Nf8 24. fxg6 hxg6 25. Bxg7 Rxg7 26. Rxf6 Rxd5 27.
Rxf8+ Kxf8 28. Qh6 Rdd7 29. Rxg6 Kg8 30. Nh5 Rxg6 31. Qxg6+ Kh8 32. Nf6 1-0

[Event "VIII Festival Ducale A"]
[Site "Genova ITA"]
[Date "2000.07.15"]
[Round "1"]
[White "Sbarra, Marco"]
[Black "Strazzeri, Marco"]
[Result "1-0"]
[WhiteElo "2285"]
[BlackElo "1756"]
[PlyCount "105"]
[EventDate "2000.07.15"]

1. Nc3 d5 2. e4 dxe4 3. Nxe4 Bf5 4. Ng3 Bg6 5. Bc4 e6 6. N1e2 Nd7 7. Nf4 Nb6 8.
Be2 Nd5 9. Nxg6 hxg6 10. d4 Qd7 11. c4 Ndf6 12. Qb3 O-O-O 13. Bf3 c5 14. Be3
Ne7 15. O-O-O Qc7 16. h3 Nc6 17. dxc5 Rxd1+ 18. Rxd1 Ne5 19. Bf4 Nd3+ 20. Rxd3
Qxf4+ 21. Kb1 Qc7 22. c6 bxc6 23. Qa4 Bc5 24. Bxc6 Bxf2 25. Qa6+ Kb8 26. Rb3+
Bb6 27. c5 Qxc6 28. cxb6 Qd7 29. bxa7+ Ka8 30. Rd3 Qb7 31. Qxb7+ Kxb7 32. Rc3
Ra8 33. Rb3+ Kxa7 34. Kc2 Rc8+ 35. Kd2 Rd8+ 36. Ke2 Rd6 37. Rc3 Kb7 38. Rb3+
Rb6 39. Rxb6+ Kxb6 40. Kd3 Kc5 41. Ne2 e5 42. Nc3 Nd7 43. a3 f5 44. b4+ Kc6 45.
a4 g5 46. a5 Nf6 47. Kc4 e4 48. b5+ Kd6 49. a6 Kc7 50. Kd4 g4 51. Ke3 Nh5 52.
Nd5+ Kb8 53. b6 1-0

[Event "VIII Festival Ducale A"]
[Site "Genova ITA"]
[Date "2000.07.15"]
[Round "1"]
[White "Silvestri, Paolo"]
[Black "Bellon Lopez, Juan Manuel"]
[Result "0-1"]
[WhiteElo "1900"]
[BlackElo "2421"]
[PlyCount "40"]
[EventDate "2000.07.15"]

1. d4 Nf6 2. c4 c5 3. d5 a6 4. Nc3 b5 5. cxb5 Qa5 6. Bd2 axb5 7. Ne4 Qb6 8.
Nxf6+ gxf6 9. e4 d6 10. Ne2 f5 11. Ng3 fxe4 12. Nxe4 Nd7 13. Be2 b4 14. O-O Bg7
15. Qc1 Bb7 16. Ng5 h6 17. Nf3 Bxd5 18. Be3 Qb7 19. Qc2 Rxa2 20. Rxa2 b3 0-1

[Event "VIII Festival Ducale A"]
[Site "Genova ITA"]
[Date "2000.07.16"]
[Round "2"]
[White "Bellon Lopez, Juan Manuel"]
[Black "Lamoureux, Izabelle"]
[Result "1-0"]
[WhiteElo "2421"]
[BlackElo "2028"]
[PlyCount "51"]
[EventDate "2000.07.15"]

1. b3 d5 2. Bb2 e6 3. e3 Nf6 4. f4 Be7 5. Nf3 c5 6. a4 Nc6 7. Bb5 Bd7 8. O-O
O-O 9. Ne5 Nxe5 10. fxe5 Ne8 11. Bd3 g6 12. Nc3 Rc8 13. Ne2 Bc6 14. Nf4 Ng7 15.
Qg4 Qd7 16. Rf2 a6 17. Raf1 b5 18. axb5 Bxb5 19. c4 dxc4 20. bxc4 Bc6 21. Bc3
Rb8 22. Bc2 Nf5 23. Nh5 Nh6 24. Qf4 Nf5 25. Bxf5 exf5 26. Qh6 1-0

[Event "VIII Festival Ducale A"]
[Site "Genova ITA"]
[Date "2000.07.16"]
[Round "2"]
[White "Berni, Mauro"]
[Black "Laketic, Gojko"]
[Result "0-1"]
[WhiteElo "2058"]
[BlackElo "2483"]
[PlyCount "64"]
[EventDate "2000.07.15"]

1. e4 g6 2. d4 Bg7 3. Nc3 d6 4. g3 Nc6 5. Be3 e5 6. dxe5 Nxe5 7. Be2 Nf6 8. h3
O-O 9. f4 Ned7 10. Qd2 Re8 11. Bf3 Nb6 12. O-O-O Nc4 13. Qd3 Nxe4 14. Bxe4 Nxe3
15. Qxe3 Bxc3 16. Qxc3 Rxe4 17. Nf3 Bd7 18. Ng5 Re2 19. Rhe1 Rxe1 20. Rxe1 Bc6
21. h4 h6 22. Ne4 f5 23. Nf2 Qd7 24. h5 Re8 25. Rxe8+ Qxe8 26. hxg6 Qxg6 27. g4
fxg4 28. Qg3 Bf3 29. Qh4 Kg7 30. Qe7+ Qf7 31. Qe3 Qf6 32. Nd3 a6 0-1

[Event "VIII Festival Ducale A"]
[Site "Genova ITA"]
[Date "2000.07.16"]
[Round "2"]
[White "Chatalbashev, Boris"]
[Black "Basciu, Simone"]
[Result "1-0"]
[WhiteElo "2494"]
[BlackElo "2147"]
[PlyCount "53"]
[EventDate "2000.07.15"]

1. d4 Nf6 2. Nf3 e6 3. Bg5 h6 4. Bh4 c5 5. e3 Be7 6. Nbd2 b6 7. Bd3 Bb7 8. O-O
d6 9. c3 O-O 10. Qe2 Nbd7 11. a4 a6 12. e4 Nh5 13. Bg3 Nxg3 14. hxg3 Nf6 15.
Rfe1 Re8 16. e5 Nh7 17. Nc4 d5 18. Ne3 Ng5 19. Nxg5 Bxg5 20. f4 Be7 21. Qh5 Bf8
22. Ng4 Bc8 23. Kf2 Qe7 24. Rh1 Bd7 25. Rh4 cxd4 26. Nf6+ Kh8 27. Qg5 1-0

[Event "VIII Festival Ducale A"]
[Site "Genova ITA"]
[Date "2000.07.16"]
[Round "2"]
[White "Cramling, Pia"]
[Black "Finocchiaro, Lorenzo"]
[Result "1-0"]
[WhiteElo "2484"]
[BlackElo "1732"]
[PlyCount "43"]
[EventDate "2000.07.15"]

1. d4 d5 2. Nf3 Nf6 3. c4 dxc4 4. e3 Nbd7 5. Bxc4 e6 6. Nc3 Nb6 7. Bd3 c5 8.
O-O cxd4 9. exd4 Be7 10. Qe2 O-O 11. Be3 Bd7 12. Ne5 Nbd5 13. Rac1 a6 14. Qf3
Rc8 15. Qh3 Nxe3 16. fxe3 g6 17. Rc2 Ne8 18. Nxf7 e5 19. Qh6 Rxf7 20. Rxf7 Kxf7
21. Qxh7+ Ke6 22. Qg8+ 1-0

[Event "VIII Festival Ducale A"]
[Site "Genova ITA"]
[Date "2000.07.16"]
[Round "2"]
[White "Di Paolo, Raffaele"]
[Black "Sbarra, Marco"]
[Result "1-0"]
[WhiteElo "2295"]
[BlackElo "2285"]
[PlyCount "113"]
[EventDate "2000.07.15"]

1. e4 c5 2. Nc3 e6 3. Nf3 Nc6 4. d4 cxd4 5. Nxd4 Qc7 6. Be2 a6 7. O-O b5 8.
Nxc6 Qxc6 9. Bf4 d6 10. Bf3 e5 11. Be3 Be6 12. a4 b4 13. Nd5 Bxd5 14. exd5 Qb7
15. c4 f5 16. Re1 Nf6 17. c5 e4 18. c6 Qf7 19. Bd4 Qxd5 20. Rc1 Be7 21. Be2 Qe6
22. Bxf6 Bxf6 23. Bc4 Qe5 24. Bd5 Rc8 25. c7 Kd7 26. a5 Qxb2 27. Qa4+ Ke7 28.
Bb7 Bc3 29. Rc2 Qxc2 30. Qxc2 Bxe1 31. Bxc8 Rxc8 32. Qe2 Rxc7 33. Qxe1 b3 34.
Qb1 Rb7 35. Qb2 Ke6 36. Kf1 d5 37. Ke2 Rb5 38. Kd2 d4 39. Kc1 Kd5 40. Qd2 Rc5+
41. Kb1 d3 42. Qg5 g6 43. Qd8+ Kc4 44. Kb2 Rb5 45. Qc8+ Kb4 46. Qxa6 Rxa5 47.
Qd6+ Rc5 48. Qd4+ Kb5 49. Kxb3 Rc2 50. Qe5+ Kc6 51. Qe6+ Kc5 52. Qe7+ Kd5 53.
Qf7+ Ke5 54. Qxh7 Kf6 55. Qh6 Kf7 56. Qf4 Re2 57. g4 1-0

[Event "VIII Festival Ducale A"]
[Site "Genova ITA"]
[Date "2000.07.16"]
[Round "2"]
[White "Drazic, Sinisa"]
[Black "Pedemonte, Claudio"]
[Result "1-0"]
[WhiteElo "2508"]
[BlackElo "2013"]
[PlyCount "47"]
[EventDate "2000.07.15"]

1. Nc3 e5 2. Nf3 Nc6 3. d4 exd4 4. Nxd4 Bb4 5. g3 Nf6 6. Bg2 d5 7. O-O O-O 8.
Bg5 h6 9. Nxd5 hxg5 10. Nxc6 bxc6 11. Nxb4 Qxd1 12. Rfxd1 Rb8 13. Nd3 Re8 14.
Kf1 Bg4 15. Rd2 Rb6 16. c4 Bd7 17. Nc5 Bf5 18. b3 g6 19. h3 g4 20. hxg4 Bxg4
21. Rad1 Re7 22. Rd8+ Kg7 23. f3 Be6 24. Ra8 1-0

[Event "VIII Festival Ducale A"]
[Site "Genova ITA"]
[Date "2000.07.16"]
[Round "2"]
[White "Pernigotti, Carlo"]
[Black "Grigore, George-Gabriel"]
[Result "0-1"]
[WhiteElo "2199"]
[BlackElo "2508"]
[PlyCount "130"]
[EventDate "2000.07.15"]

1. e4 c5 2. Nc3 Nc6 3. g3 g6 4. Bg2 Bg7 5. d3 e6 6. Nge2 Nge7 7. O-O O-O 8. Bg5
h6 9. Be3 Nd4 10. Qd2 Kh7 11. Rab1 Qa5 12. a3 d6 13. b4 Qxa3 14. Bxd4 cxd4 15.
Nb5 Qa4 16. Nbxd4 Nc6 17. Nc3 Qa6 18. Ndb5 Nd4 19. Nxd4 Bxd4 20. Ne2 Bg7 21. c3
Bd7 22. Ra1 Qb6 23. Qe3 Qxe3 24. fxe3 Bb5 25. Rad1 a6 26. Nd4 Bd7 27. Rc1 Ra7
28. c4 b6 29. c5 dxc5 30. bxc5 bxc5 31. Rxc5 e5 32. Nc6 Bxc6 33. Rxc6 Rd8 34.
Rc3 a5 35. Ra1 Bf8 36. Bf1 a4 37. Rc4 a3 38. Ra2 Rb7 39. Rcc2 Rb3 40. Kf2 Bb4
41. d4 exd4 42. exd4 Bc3 43. Bc4 Bxd4+ 44. Kg2 Rb2 45. Bxf7 Rc8 46. Re2 Kg7 47.
Bd5 Kf6 48. Kf1 Rc1+ 49. Kg2 Ke5 50. h3 Rxa2 51. Bxa2 Ra1 52. Bd5 Bb2 53. Kf3
h5 54. g4 h4 55. g5 Rh1 56. Kg2 Rd1 57. Kf3 Bc1 58. Rg2 Rf1+ 59. Rf2 Rg1 60.
Rg2 Rxg2 61. Kxg2 Bxg5 62. Kf3 Kd4 63. Kg4 Bd8 64. Kf4 Kc3 65. Ke5 Kb2 0-1

[Event "VIII Festival Ducale A"]
[Site "Genova ITA"]
[Date "2000.07.17"]
[Round "3"]
[White "Grigore, George-Gabriel"]
[Black "Bellon Lopez, Juan Manuel"]
[Result "1-0"]
[WhiteElo "2508"]
[BlackElo "2421"]
[PlyCount "134"]
[EventDate "2000.07.15"]

1. d4 Nf6 2. c4 c5 3. d5 b5 4. cxb5 a6 5. bxa6 g6 6. Nc3 Bxa6 7. g3 d6 8. Bg2
Nbd7 9. Nf3 Bg7 10. O-O Nb6 11. Re1 O-O 12. Nd2 Qc7 13. Rb1 Ng4 14. h3 Ne5 15.
Qc2 c4 16. Nf1 Bc8 17. Ne3 f5 18. f4 Ned7 19. Bd2 Bb7 20. b4 cxb3 21. Qxb3 Ba6
22. Rec1 Nc4 23. Nb5 Nxd2 24. Nxc7 Nxb3 25. Rxb3 Ra7 26. Ne6 Rfa8 27. Kf2 Bf6
28. g4 Bh4+ 29. Kf3 fxg4+ 30. hxg4 Bf6 31. g5 Bg7 32. Bh3 Nf8 33. Nxg7 Kxg7 34.
Rc6 Kf7 35. a4 Ke8 36. Rb4 Nd7 37. Bxd7+ Kxd7 38. Rcb6 Bc8 39. Nc2 Rxa4 40. Nd4
Rxb4 41. Rxb4 Ke8 42. Rb1 Kf7 43. Rh1 Kg8 44. Nc6 e6 45. Ne7+ Kg7 46. Rc1 Ba6
47. Rc7 Kf8 48. dxe6 Re8 49. Nd5 Rxe6 50. e3 Bd3 51. Kf2 Be4 52. Nf6 Rxf6 53.
gxf6 h5 54. Kg3 d5 55. Kh4 Bf5 56. Kg5 Be4 57. Rd7 Kg8 58. f5 gxf5 59. Rg7+ Kf8
60. Kf4 Bc2 61. Ke5 f4 62. Kxf4 Bd1 63. Rg5 Bb3 64. Rxh5 Kf7 65. Ke5 Ba2 66.
Rh7+ Ke8 67. Re7+ Kf8 1-0

[Event "VIII Festival Ducale A"]
[Site "Genova ITA"]
[Date "2000.07.17"]
[Round "3"]
[White "Lamoureux, Charles"]
[Black "Drazic, Sinisa"]
[Result "1-0"]
[WhiteElo "2348"]
[BlackElo "2508"]
[PlyCount "135"]
[EventDate "2000.07.15"]

1. Nf3 c5 2. c4 Nf6 3. e3 g6 4. b3 Bg7 5. Bb2 O-O 6. Be2 b6 7. O-O Bb7 8. d3 d6
9. a3 Nc6 10. Re1 a6 11. Bf1 Rb8 12. Nbd2 e5 13. Rb1 h6 14. Bc3 Re8 15. b4 cxb4
16. axb4 b5 17. Ne4 Nxe4 18. dxe4 Na7 19. Nd2 Rc8 20. Qb3 Re7 21. Rbc1 Rec7 22.
Bb2 Qd7 23. Red1 Bf6 24. Qd3 Qe6 25. Qb3 Qe8 26. Bd3 Kg7 27. Rc2 h5 28. Rdc1
Qd7 29. h3 h4 30. cxb5 Rxc2 31. Rxc2 axb5 32. Nb1 Rxc2 33. Bxc2 Nc8 34. Nc3 Nb6
35. Bd3 Bc6 36. Qa2 d5 37. exd5 Nxd5 38. Nxd5 Bxd5 39. Qb1 Qc6 40. e4 Bc4 41.
Qc2 g5 42. Bxc4 bxc4 43. Bc3 Kg6 44. Qb1 Qb5 45. Qa1 Bd8 46. Qa8 Bb6 47. Qg8+
Kf6 48. Bd2 Ke6 49. Qc8+ Qd7 50. Qxc4+ Kf6 51. Qc1 g4 52. Bg5+ Kg6 53. Bxh4 f6
54. Qc4 Kg7 55. Bg3 gxh3 56. gxh3 Kh6 57. Kg2 Kg7 58. b5 Qd2 59. Qe6 Qd4 60.
Qc6 Qd8 61. Qd5 Qc7 62. Bh4 Bd4 63. Bg3 Bb6 64. Qa8 Qd7 65. Qc6 Qd8 66. h4 Bd4
67. Qe6 Qa8 68. Qg4+ 1-0

[Event "VIII Festival Ducale A"]
[Site "Genova ITA"]
[Date "2000.07.17"]
[Round "3"]
[White "Lamoureux, Izabelle"]
[Black "Strazzeri, Marco"]
[Result "1/2-1/2"]
[WhiteElo "2028"]
[BlackElo "1756"]
[PlyCount "123"]
[EventDate "2000.07.15"]

1. e4 c6 2. d4 d5 3. e5 Bf5 4. Nf3 e6 5. Be2 c5 6. c3 Nc6 7. O-O Rc8 8. a3 cxd4
9. cxd4 Nge7 10. b4 Bg4 11. Nbd2 Nf5 12. h3 Bxf3 13. Nxf3 Be7 14. Be3 O-O 15.
Rc1 Qd7 16. Bb5 a6 17. Ba4 b5 18. Bc2 Nxe3 19. fxe3 a5 20. Qd3 g6 21. Qxb5 Nxe5
22. Qxa5 Nc4 23. Ne5 Nxe5 24. dxe5 Ra8 25. Qb6 Rfb8 26. Qd4 Rxa3 27. Rb1 Qa7
28. Qxa7 Rxa7 29. b5 Bc5 30. Rb3 Ra2 31. Bd1 d4 32. exd4 Bxd4+ 33. Kh1 Bxe5 34.
b6 Rb2 35. Rbf3 f6 36. Rd3 R2xb6 37. Bf3 Rb1 38. Rfd1 R8b6 39. Kg1 Rxd1+ 40.
Rxd1 Rd6 41. Rb1 Bd4+ 42. Kf1 Kg7 43. Rb7+ Kh6 44. Ke2 e5 45. Be4 f5 46. Bd3
Rb6 47. Rxb6 Bxb6 48. Bc2 Kg5 49. g3 e4 50. Bb3 f4 51. gxf4+ Kxf4 52. Bd5 g5
53. Be6 h5 54. Bd7 g4 55. hxg4 h4 56. g5 Kxg5 57. Bh3 Kf4 58. Bg2 e3 59. Bd5
Kg3 60. Bc6 Kh2 61. Kf1 Ba5 62. Bd5 1/2-1/2

[Event "VIII Festival Ducale A"]
[Site "Genova ITA"]
[Date "2000.07.18"]
[Round "4"]
[White "Bellon Lopez, Juan Manuel"]
[Black "Lamoureux, Charles"]
[Result "1-0"]
[WhiteElo "2421"]
[BlackElo "2348"]
[PlyCount "45"]
[EventDate "2000.07.15"]

1. d4 Nf6 2. Bg5 e6 3. Nf3 b6 4. c4 Bb4+ 5. Nc3 Bb7 6. Qc2 h6 7. Bh4 g5 8. Bg3
Ne4 9. Be5 f6 10. d5 exd5 11. cxd5 Bxd5 12. O-O-O Nxc3 13. Bxc3 Bxc3 14. Rxd5
Bb4 15. Qg6+ Kf8 16. Nd4 Qe8 17. Qxf6+ Kg8 18. e3 Qf7 19. Qe5 c6 20. Bc4 Kh7
21. Qe4+ Qg6 22. Rf5 Rf8 23. Bf7 1-0

[Event "VIII Festival Ducale A"]
[Site "Genova ITA"]
[Date "2000.07.18"]
[Round "4"]
[White "Berni, Mauro"]
[Black "Strazzeri, Marco"]
[Result "0-1"]
[WhiteElo "2058"]
[BlackElo "1756"]
[PlyCount "126"]
[EventDate "2000.07.15"]

1. c4 e5 2. Nc3 g6 3. d4 Nc6 4. d5 Nb8 5. e4 d6 6. Bd3 Bg7 7. Nge2 Ne7 8. Be3
O-O 9. Qd2 f5 10. f3 f4 11. Bf2 g5 12. O-O-O Ng6 13. Kb1 g4 14. Nc1 gxf3 15.
gxf3 Bf6 16. Rdg1 Bh4 17. Nb3 b6 18. Qe1 Kf7 19. Be2 Na6 20. Nb5 Bd7 21. Nc3
Qe7 22. Nd1 Bxf2 23. Qxf2 Nh4 24. Nc3 Rg8 25. Nd1 Qf6 26. Qe1 Bh3 27. Rxg8 Rxg8
28. Rg1 Bg2 29. Nd2 Rg6 30. Nf2 h5 31. Nd3 Rg8 32. Qf2 Bh3 33. Rxg8 Kxg8 34.
Bf1 Bd7 35. Qg1+ Qg7 36. Qxg7+ Kxg7 37. a3 Nc5 38. Nf2 Ba4 39. Kc1 Nb3+ 40.
Nxb3 Bxb3 41. Be2 Kg6 42. Kd2 Kf6 43. Kc3 Ba4 44. b3 Bd7 45. Kd2 Kg5 46. Nd3
Ng2 47. b4 Kh4 48. Nf2 Ne3 49. Kc3 Bh3 50. c5 Bf1 51. Bxf1 Nxf1 52. Nd3 Nxh2
53. Nxe5 Kg5 54. cxd6 cxd6 55. Nf7+ Kf6 56. Nxd6 Nxf3 57. Nf5 h4 58. d6 Ke6 59.
e5 h3 60. Ng7+ Kd7 61. Nh5 Nxe5 62. Nf6+ Kxd6 63. Ne4+ Kd5 0-1

[Event "VIII Festival Ducale A"]
[Site "Genova ITA"]
[Date "2000.07.18"]
[Round "4"]
[White "Chatalbashev, Boris"]
[Black "Grigore, George-Gabriel"]
[Result "1-0"]
[WhiteElo "2494"]
[BlackElo "2508"]
[PlyCount "109"]
[EventDate "2000.07.15"]

1. d4 Nf6 2. Nf3 g6 3. Nc3 d5 4. Bf4 Bg7 5. e3 c6 6. h3 O-O 7. Bd3 c5 8. O-O
Nc6 9. dxc5 Qa5 10. Nd4 Qxc5 11. Nb3 Qb6 12. a4 a5 13. Bb5 Rd8 14. Bg5 Nb4 15.
Qe2 h6 16. Bh4 e5 17. Rad1 Bf5 18. e4 dxe4 19. Bxf6 Qxf6 20. Nc5 Rxd1 21. Rxd1
e3 22. fxe3 Bxc2 23. Rd7 b6 24. N5e4 Qe6 25. Rxf7 Bxe4 26. Bc4 Nd5 27. Rf1 Kh8
28. Nxe4 Qc6 29. b3 Ne7 30. Qd3 Rf8 31. Rxf8+ Bxf8 32. Qd8 Qc8 33. Qd6 Qf5 34.
Bd3 Ng8 35. Qxb6 Bb4 36. Qc6 h5 37. Qc2 Qe6 38. Ng5 Qe7 39. Ne4 Qe6 40. Qe2 Qe7
41. Qf3 Kg7 42. Bc4 Nf6 43. Ng5 e4 44. Qg4 Bd6 45. Ne6+ Kh7 46. Qg5 Bb8 47.
Qxa5 Qa3 48. Qc3 Qe7 49. Qd4 Ba7 50. Qd8 Bxe3+ 51. Kf1 Qxd8 52. Nxd8 Bd2 53.
Nc6 e3 54. a5 Ne4 55. Ke2 1-0

[Event "VIII Festival Ducale A"]
[Site "Genova ITA"]
[Date "2000.07.18"]
[Round "4"]
[White "De Angelis, Fernando"]
[Black "Sbarra, Marco"]
[Result "0-1"]
[WhiteElo "2056"]
[BlackElo "2285"]
[PlyCount "78"]
[EventDate "2000.07.15"]

1. e4 c5 2. Nf3 Nc6 3. d4 cxd4 4. Nxd4 e6 5. Nc3 Qc7 6. g3 a6 7. Bg2 b5 8. O-O
Bb7 9. Be3 d6 10. Nxc6 Bxc6 11. Qd4 Nf6 12. a4 e5 13. Qd2 bxa4 14. Rfc1 Qb7 15.
Nd5 Nxd5 16. exd5 Bd7 17. f4 f6 18. c4 Rb8 19. fxe5 fxe5 20. Be4 Be7 21. c5
dxc5 22. Rf1 Bd6 23. Qe2 g6 24. Bh6 Qxb2 25. Qf3 Rb3 26. Qf7+ Kd8 27. Rad1 Kc7
28. Bg2 Qe2 29. Bh3 Qb5 30. Qg7 Rd8 31. Rf7 Kc8 32. Rxd7 Rxd7 33. Rf1 a3 34.
Qg8+ Kc7 35. Bxd7 Qxd7 36. Rf7 a2 37. Rxd7+ Kxd7 38. Qe6+ Kc7 39. Qf7+ Kb6 0-1

[Event "VIII Festival Ducale A"]
[Site "Genova ITA"]
[Date "2000.07.18"]
[Round "4"]
[White "Pernigotti, Carlo"]
[Black "Abd El Gawad, Shaban"]
[Result "1-0"]
[WhiteElo "2199"]
[BlackElo "2078"]
[PlyCount "67"]
[EventDate "2000.07.15"]

1. e4 d5 2. exd5 Qxd5 3. Nc3 Qa5 4. d4 e5 5. dxe5 Bb4 6. Nf3 Bg4 7. Bd2 Nc6 8.
a3 Nd4 9. Bb5+ c6 10. O-O cxb5 11. axb4 Bxf3 12. Rxa5 Bxd1 13. Rxd1 b6 14. Ra6
Ne7 15. Ne4 O-O 16. Bc3 Ne2+ 17. Kf1 Nxc3 18. bxc3 Ng6 19. Rd5 Rfe8 20. Nd6 Re7
21. Rxb5 Rxe5 22. Rbxb6 h5 23. Nc4 Re4 24. Ne3 Ne5 25. Rd6 Rc8 26. Rd4 Rxd4 27.
cxd4 Nc4 28. Rxa7 Nxe3+ 29. fxe3 Rxc2 30. b5 Rb2 31. Ra8+ Kh7 32. Rb8 Kg6 33.
b6 Kf6 34. b7 1-0

[Event "VIII Festival Ducale A"]
[Site "Genova ITA"]
[Date "2000.07.19"]
[Round "5"]
[White "Basciu, Simone"]
[Black "Bellon Lopez, Juan Manuel"]
[Result "0-1"]
[WhiteElo "2147"]
[BlackElo "2421"]
[PlyCount "68"]
[EventDate "2000.07.15"]

1. Nf3 c5 2. c4 Nc6 3. d4 cxd4 4. Nxd4 f5 5. g3 g6 6. Bg2 Bg7 7. Nb5 Nf6 8. O-O
O-O 9. N1c3 a6 10. Na3 d6 11. Bd2 Bd7 12. Rc1 Rb8 13. Rb1 Ne5 14. b3 b5 15.
cxb5 axb5 16. Nc2 Nc6 17. a4 b4 18. Nb5 Ne4 19. Nxb4 Nxb4 20. Bxb4 Rf7 21. Be1
Bxb5 22. axb5 Rxb5 23. Qd3 Re5 24. Bxe4 fxe4 25. Qe3 Qc8 26. Kg2 Bh6 27. Qxh6
Rh5 28. Qxh5 gxh5 29. h4 Qc2 30. Ba5 Qxe2 31. Bb6 e5 32. Rfd1 e3 33. Bxe3 d5
34. Rdc1 d4 0-1

[Event "VIII Festival Ducale A"]
[Site "Genova ITA"]
[Date "2000.07.19"]
[Round "5"]
[White "Laketic, Gojko"]
[Black "Chatalbashev, Boris"]
[Result "1/2-1/2"]
[WhiteElo "2483"]
[BlackElo "2494"]
[PlyCount "44"]
[EventDate "2000.07.15"]

1. d4 g6 2. c4 Bg7 3. Nc3 c5 4. d5 d6 5. e4 e6 6. Bd3 Nf6 7. h3 O-O 8. Nf3 Na6
9. O-O Nc7 10. Re1 Rb8 11. Bg5 h6 12. Bd2 exd5 13. cxd5 b5 14. b3 Re8 15. a3 a5
16. b4 axb4 17. axb4 cxb4 18. Na2 Ra8 19. Bxb4 Nh5 20. Bc3 Bxc3 21. Nxc3 Bd7
22. Rxa8 Qxa8 1/2-1/2

[Event "VIII Festival Ducale A"]
[Site "Genova ITA"]
[Date "2000.07.19"]
[Round "5"]
[White "Lamoureux, Charles"]
[Black "Pernigotti, Carlo"]
[Result "1-0"]
[WhiteElo "2348"]
[BlackElo "2199"]
[PlyCount "73"]
[EventDate "2000.07.15"]

1. Nf3 f5 2. c4 Nf6 3. Nc3 g6 4. e3 Bg7 5. Be2 O-O 6. O-O d6 7. d4 Qe8 8. b3 h6
9. Ba3 c6 10. Rc1 g5 11. Ne1 Na6 12. Nd3 Nc7 13. Re1 Qg6 14. Bb2 Bd7 15. b4 Ne4
16. Qc2 Rae8 17. Red1 Bc8 18. b5 Nxc3 19. Bxc3 e5 20. dxe5 dxe5 21. bxc6 bxc6
22. Nc5 Ne6 23. Nd7 Bxd7 24. Rxd7 Rf7 25. Rd6 c5 26. e4 f4 27. Qd1 Rfe7 28. Qd5
Qf6 29. Bh5 Rb8 30. Bg4 Rbe8 31. Rb1 Kh8 32. Qc6 Qf7 33. Qd5 Qf6 34. h3 f3 35.
Bxf3 Nf4 36. Qd1 Re6 37. Rd7 1-0

[Event "VIII Festival Ducale A"]
[Site "Genova ITA"]
[Date "2000.07.19"]
[Round "5"]
[White "Sbarra, Marco"]
[Black "Drazic, Sinisa"]
[Result "1/2-1/2"]
[WhiteElo "2285"]
[BlackElo "2508"]
[PlyCount "97"]
[EventDate "2000.07.15"]

1. d4 Nf6 2. c4 d6 3. Nc3 e5 4. Nf3 Nbd7 5. e4 Be7 6. g3 O-O 7. Bg2 c6 8. O-O
a6 9. a4 a5 10. Qc2 exd4 11. Nxd4 Nc5 12. h3 Re8 13. Be3 Bf8 14. Rae1 Nfd7 15.
Rd1 Na6 16. Rfe1 Ndc5 17. f4 Nb4 18. Qb1 Qf6 19. Kh2 h6 20. Nf3 Nba6 21. Bd4
Qd8 22. f5 Bd7 23. g4 Qb6 24. Qc2 Qc7 25. Bf2 Nb4 26. Qb1 b6 27. Bg3 Rad8 28.
g5 hxg5 29. Nxg5 Bc8 30. Rd2 Be7 31. h4 f6 32. Nh3 Nd7 33. Bf3 Ne5 34. Bh5 d5
35. Kh1 dxc4 36. Rg2 Rf8 37. Reg1 Bc5 38. Bxe5 fxe5 39. Rxg7+ Qxg7 40. Rxg7+
Kxg7 41. Qc1 Be7 42. Qg1+ Kh8 43. Bg6 Rg8 44. Ng5 Rdf8 45. Qg4 Rg7 46. Qh5+ Kg8
47. Nh7 Nd3 48. Nxf8 Nf4 49. Qh6 1/2-1/2

[Event "VIII Festival Ducale A"]
[Site "Genova ITA"]
[Date "2000.07.19"]
[Round "5"]
[White "Strazzeri, Marco"]
[Black "Cramling, Pia"]
[Result "0-1"]
[WhiteElo "1756"]
[BlackElo "2484"]
[PlyCount "70"]
[EventDate "2000.07.15"]

1. e4 c5 2. c3 Nf6 3. e5 Nd5 4. d4 cxd4 5. cxd4 e6 6. Nf3 d6 7. Bc4 Nc6 8. O-O
Nb6 9. Bd3 Nb4 10. Bb5+ Bd7 11. Bxd7+ Qxd7 12. Bd2 Nc6 13. Qe2 Rc8 14. Rd1 d5
15. Rc1 Be7 16. a4 O-O 17. b3 f6 18. Re1 fxe5 19. Nxe5 Nxd4 20. Qg4 Qd8 21. Bc3
Nf5 22. Nd3 Bf6 23. Bxf6 Qxf6 24. Na3 Nd7 25. Rac1 Ne5 26. Nxe5 Rxc1 27. Rxc1
Qxe5 28. Qd1 Nd4 29. Qe1 Qg5 30. Kf1 e5 31. Rc3 e4 32. Qe3 Qf6 33. Nc2 Nf5 34.
Qd2 d4 35. Rc4 e3 0-1

[Event "VIII Festival Ducale A"]
[Site "Genova ITA"]
[Date "2000.07.20"]
[Round "6"]
[White "Bertino, Andrea"]
[Black "Basciu, Simone"]
[Result "1/2-1/2"]
[WhiteElo "1765"]
[BlackElo "2147"]
[PlyCount "66"]
[EventDate "2000.07.15"]

1. e4 c5 2. Nc3 Nc6 3. g3 g6 4. Bg2 Bg7 5. d3 e6 6. Be3 d6 7. Qd2 Qa5 8. Nge2
h5 9. h3 Nge7 10. O-O Nd4 11. Kh1 Bd7 12. a3 Nxe2 13. Qxe2 Bc6 14. Bd2 Qc7 15.
Rab1 O-O 16. Bg5 e5 17. Be3 Rad8 18. f4 f5 19. fxe5 Bxe5 20. Bf4 Bxf4 21. gxf4
Rfe8 22. Qf2 Qd7 23. Qg3 Qe6 24. Rbe1 Qf6 25. Re2 Kg7 26. Rfe1 fxe4 27. dxe4
Rf8 28. Rf2 Kh7 29. Rd1 a6 30. Kg1 Kh6 31. Bf1 d5 32. Re2 d4 33. e5 Qxf4
1/2-1/2

[Event "VIII Festival Ducale A"]
[Site "Genova ITA"]
[Date "2000.07.20"]
[Round "6"]
[White "Cramling, Pia"]
[Black "Lamoureux, Charles"]
[Result "1-0"]
[WhiteElo "2484"]
[BlackElo "2348"]
[PlyCount "91"]
[EventDate "2000.07.15"]

1. d4 e6 2. c4 d5 3. Nf3 Nf6 4. Nc3 c6 5. Bg5 Nbd7 6. e3 Be7 7. Qc2 O-O 8.
O-O-O Re8 9. h4 Nf8 10. Kb1 a6 11. Ne5 N6d7 12. Bxe7 Qxe7 13. f4 f6 14. Nf3 b5
15. cxd5 exd5 16. Bd3 Nb6 17. Rhe1 Qd6 18. Rc1 Be6 19. g3 Bg4 20. Nh2 Bd7 21.
g4 Rac8 22. g5 c5 23. dxc5 Rxc5 24. Qf2 b4 25. Ne2 Rxc1+ 26. Nxc1 d4 27. e4 Ng6
28. Ne2 Bb5 29. Bxb5 axb5 30. Qxd4 Qxd4 31. Nxd4 fxg5 32. fxg5 Nxh4 33. e5 Nc4
34. e6 Nd6 35. Re5 Ng6 36. Rd5 Nc4 37. Rxb5 Rd8 38. Nhf3 h5 39. gxh6 gxh6 40.
Rxb4 Ne3 41. Rb3 Nd5 42. Nf5 h5 43. Rb7 Rf8 44. N3d4 Kh8 45. e7 Re8 46. Nc6 1-0